00639 2200229 4500001002100000005001500021035002000036007000300056008004100059040001700100082001500117084001700132090001900149100002600168245011600194260002600310300002500336650001000361850001200371041000800383990001800391INLIS00000000084376920190107122509 a0010-0119000136ta190107 f ger d aYOPDYOGbind04223a346.04 a346.04 SCH i aL 346.04 SCH i1 aScheer VDI, Ingenieur1 ainternationales patent, muster und warenzeichenrecht :b(aus der Praxis fur die Praxis) /cIngenieur Scheer VDI aKoln :b[s.n],c[s.a] a204 halaman ;c21 cm 4aPaten aYOPDYOG0 ager a61841-PD/A.18